Bundesministerien (Stand 2024) - Statistiken

Allgemein
  • Dieses Quiz wurde 7 mal gespielt
  • Das Durchschnittsergebnis liegt bei 3 aus 16
Antwortstatistiken
Antwort Hint % Korrekt
Bundesminister für Wirtschaft und Klimaschutz Robert Habeck
80%
Bundesminister der Finanzen Christian Lindner
40%
Bundesminister für Gesundheit Karl Lauterbach
40%
Bundesminister der Justiz Marco Buschmann
20%
Bundesminister der Verteidigung Boris Pistorius
20%
Bundesminister für Arbeit und Soziales Hubertus Heil
20%
Bundesministerin des Auswärtigen Annalena Baerbock
20%
Bundesministerin für Bildung und Forschung Bettina Stark-Watzinger
20%
Bundesminister für besondere Aufgaben Wolfgang Schmidt
0%
Bundesminister für Digitales und Verkehr Volker Wissing
0%
Bundesminister für Ernährung und Landwirtschaft Cem Özdemir
0%
Bundesministerin des Innern und für Heimat Nancy Faeser
0%
Bundesministerin für Familie, Senioren, Frauen und Jugend Lisa Paus
0%
Bundesministerin für Umwelt, Naturschutz, nukleare Sicherheit und Verbraucherschutz Steffi Lemke
0%
Bundesministerin für wirtschaftliche Zusammenarbeit und Entwicklung Svenja Schulze
0%
Bundesministerin für Wohnen, Stadtentwicklung und Bauwesen Klara Geywitz
0%
Keine übereinstimmenden Quizze gefunden
Verteilung der Resultate
Anzahl Personen mit jedem Resultat
Perzentil nach korrekt beantworteten Fragen
Ihre Resultats-Entwicklung
Sie haben dieses Quiz noch nicht gespielt